000 00408nam a2200193Ia 4500
001 12746
003 GE_BSU
008 181216s||||||||xx |||||||||||||| ||und||
040 _cGE_BSU
080 _a821.111-32
100 _aKennedy, Lena
245 4 _aThe Dandelion Seed
260 _aLondon
260 _bFutura
260 _c1987
300 _a228p.18cm.
653 _aThe Dandelion Seed
942 _cBK
999 _c45917
_d45917